Historia de la fábula greco-latina / (Record no. 131455)

MARC details
000 -LEADER
campo de control de longitud fija 00803nam a2200205 i 4500
001 - NÚMERO DE CONTROL
campo de control 131455
003 - IDENTIFICADOR DE NÚMERO DE CONTROL
campo de control ES-MaACL
005 - FECHA Y HORA DE LA ÚLTIMA TRANSACCIÓN
campo de control 20250819063100.0
007 - CAMPO FIJO DE DESCRIPCIÓN FÍSICA--INFORMACIÓN GENERAL
campo de control de longitud fija t|
008 - DATOS DE LONGITUD FIJA--INFORMACIÓN GENERAL
campo de control de longitud fija 070214m19791985sp |||| | spa d
020 ## - NÚMERO INTERNACIONAL ESTÁNDAR DEL LIBRO
Número Internacional Estándar del Libro 84-7491-004-8
100 1# - ENTRADA PRINCIPAL--NOMBRE DE PERSONA
Nombre de persona Rodríguez Adrados, Francisco,
Fechas asociadas al nombre 1922-2020
9 (RLIN) 98318
245 10 - MENCIÓN DEL TÍTULO
Título Historia de la fábula greco-latina /
Mención de responsabilidad, etc. Francisco Rodríguez Adrados.
260 ## - PUBLICACIÓN, DISTRIBUCIÓN, ETC.
Lugar de publicación, distribución, etc. Madrid :
Nombre del editor, distribuidor, etc. Ed. de la Universidad Complutense,
Fecha de publicación, distribución, etc. 1979-1985.
300 ## - DESCRIPCIÓN FÍSICA
Extensión 2 t. en 3 v. ;
Dimensiones 21 cm.
505 8# - NOTA DE CONTENIDO CON FORMATO
Nota de contenido con formato Contiene: T. I (v. 1-2) ;
Título Introducción y de los orígenes a la edad helenística - T. II (v. 3) ;
-- La fábula en época imperial romana y medieval
650 #4 - PUNTO DE ACCESO ADICIONAL DE MATERIA--TÉRMINO DE MATERIA
Término de materia o nombre geográfico como elemento de entrada Fábulas-
Subdivisión cronológica Hasta S.V-
Subdivisión general Historia y crítica.
9 (RLIN) 165066
852 ## - LOCALIZACIÓN
Ubicación ES-MaACL
Número de control de estantería L-11477-79
Holdings
Estatus retirado Estado de pérdida Estado de daño No para préstamo Biblioteca de origen Biblioteca actual Ubicación en estantería Fecha de adquisición Fuente de adquisición Total de préstamos Signatura topográfica completa Código de barras Visto por última vez Precio de reemplazo Tipo de ítem Koha
        Biblioteca del Ateneo de Madrid Biblioteca del Ateneo de Madrid Depósito 2 17/01/2008     L-11477-79 1136854 23/02/2023 23/02/2023 Libro impreso